<?xml version="1.0" encoding="UTF-8"?>
<record
    xmlns:xsi="http://www.w3.org/2001/XMLSchema-instance"
    xsi:schemaLocation="http://www.loc.gov/MARC21/slim http://www.loc.gov/standards/marcxml/schema/MARC21slim.xsd"
    xmlns="http://www.loc.gov/MARC21/slim">

  <leader>00957    a2200205   4500</leader>
  <controlfield tag="003">UA-OsUOA</controlfield>
  <controlfield tag="005">20260507154917.0</controlfield>
  <controlfield tag="008">260507b        un ||||| |||| 00| 0 ukr d</controlfield>
  <datafield tag="040" ind1=" " ind2=" ">
    <subfield code="a">UA-OsUOA</subfield>
    <subfield code="b">ukr</subfield>
    <subfield code="c">UA-OsUOA</subfield>
    <subfield code="d">UA-OsUOA</subfield>
  </datafield>
  <datafield tag="041" ind1=" " ind2=" ">
    <subfield code="a">ukr</subfield>
  </datafield>
  <datafield tag="080" ind1=" " ind2=" ">
    <subfield code="a">27</subfield>
  </datafield>
  <datafield tag="090" ind1=" " ind2=" ">
    <subfield code="a">27</subfield>
    <subfield code="b">&#x412;85</subfield>
  </datafield>
  <datafield tag="111" ind1=" " ind2=" ">
    <subfield code="a">&#x412;&#x441;&#x435;&#x43A;&#x430;&#x43D;&#x430;&#x434;&#x441;&#x44C;&#x43A;&#x456; &#x441;&#x432;&#x44F;&#x442;&#x43A;&#x443;&#x432;&#x430;&#x43D;&#x43D;&#x44F; 100-&#x440;&#x456;&#x447;&#x447;&#x44F; (988-1988) &#x445;&#x440;&#x435;&#x449;&#x435;&#x43D;&#x43D;&#x44F; &#x420;&#x443;&#x441;&#x456;-&#x423;&#x43A;&#x440;&#x430;&#x457;&#x43D;&#x438; &#x443; &#x441;&#x432;. &#x43F;&#x440;&#x430;&#x432;&#x43E;&#x441;&#x43B;&#x430;&#x432;&#x43D;&#x443; &#x432;&#x456;&#x440;&#x443;</subfield>
    <subfield code="c">&#x421;&#x430;&#x441;&#x43A;&#x430;&#x442;&#x443;&#x43D;, &#x421;&#x430;&#x441;&#x43A;&#x430;&#x447;&#x435;&#x432;&#x430;&#x43D;</subfield>
    <subfield code="d">13-16 &#x441;&#x435;&#x440;&#x43F;&#x43D;&#x44F;, 1987</subfield>
    <subfield code="9">25196</subfield>
  </datafield>
  <datafield tag="245" ind1=" " ind2=" ">
    <subfield code="a">&#x412;&#x441;&#x435;&#x43A;&#x430;&#x43D;&#x430;&#x434;&#x441;&#x44C;&#x43A;&#x456; &#x441;&#x432;&#x44F;&#x442;&#x43A;&#x443;&#x432;&#x430;&#x43D;&#x43D;&#x44F; 100-&#x440;&#x456;&#x447;&#x447;&#x44F; (988-1988) &#x445;&#x440;&#x435;&#x449;&#x435;&#x43D;&#x43D;&#x44F; &#x420;&#x443;&#x441;&#x456;-&#x423;&#x43A;&#x440;&#x430;&#x457;&#x43D;&#x438; &#x443; &#x441;&#x432;. &#x43F;&#x440;&#x430;&#x432;&#x43E;&#x441;&#x43B;&#x430;&#x432;&#x43D;&#x443; &#x432;&#x456;&#x440;&#x443;</subfield>
  </datafield>
  <datafield tag="260" ind1=" " ind2=" ">
    <subfield code="c">13-16 &#x441;&#x435;&#x440;&#x43F;&#x43D;&#x44F; 1987</subfield>
    <subfield code="a">&#x421;&#x430;&#x441;&#x43A;&#x430;&#x442;&#x443;&#x43D;</subfield>
  </datafield>
  <datafield tag="650" ind1=" " ind2=" ">
    <subfield code="2">UDC</subfield>
    <subfield code="a">27 &#x425;&#x440;&#x438;&#x441;&#x442;&#x438;&#x44F;&#x43D;&#x441;&#x442;&#x432;&#x43E;</subfield>
    <subfield code="9">3054</subfield>
  </datafield>
  <datafield tag="942" ind1=" " ind2=" ">
    <subfield code="c">BR</subfield>
    <subfield code="2">udc</subfield>
  </datafield>
  <datafield tag="955" ind1=" " ind2=" ">
    <subfield code="a">0</subfield>
  </datafield>
  <datafield tag="999" ind1=" " ind2=" ">
    <subfield code="c">580662</subfield>
    <subfield code="d">580662</subfield>
  </datafield>
  <datafield tag="952" ind1=" " ind2=" ">
    <subfield code="0">0</subfield>
    <subfield code="1">0</subfield>
    <subfield code="2">udc</subfield>
    <subfield code="4">0</subfield>
    <subfield code="7">0</subfield>
    <subfield code="a">300</subfield>
    <subfield code="b">300</subfield>
    <subfield code="d">2026-05-07</subfield>
    <subfield code="e">&#x2116;15/06.05.2026 (&#x406;&#x414;&#x423;&#x414;)</subfield>
    <subfield code="g">1.00</subfield>
    <subfield code="i">300880</subfield>
    <subfield code="l">0</subfield>
    <subfield code="o">27 &#x412;85</subfield>
    <subfield code="p">300880</subfield>
    <subfield code="r">2026-05-07 15:50:01</subfield>
    <subfield code="v">1.00</subfield>
    <subfield code="w">2026-05-07</subfield>
    <subfield code="y">BR</subfield>
    <subfield code="z">&#x41A;&#x43D;&#x438;&#x433;&#x443; &#x43E;&#x442;&#x440;&#x438;&#x43C;&#x430;&#x43D;&#x43E; &#x432; &#x434;&#x430;&#x440; &#x432;&#x456;&#x434; &#x420;&#x43E;&#x43C;&#x430;&#x43D;&#x430; &#x404;&#x440;&#x438;&#x43D;&#x44E;&#x43A;&#x430;</subfield>
  </datafield>
</record>
